Harvard Business Review on Negotiation and Conflict Resolution (Record no. 351485)

000 -LEADER
fixed length control field 00562nam a22001817a 4500
003 - CONTROL NUMBER IDENTIFIER
control field OSt
005 - DATE AND TIME OF LATEST TRANSACTION
control field 20180116183047.0
008 - FIXED-LENGTH DATA ELEMENTS--GENERAL INFORMATION
fixed length control field 160722b xxu||||| |||| 00| 0 eng d
020 ## - INTERNATIONAL STANDARD BOOK NUMBER
International Standard Book Number 9781578512362
040 ## - CATALOGING SOURCE
Transcribing agency 0
082 ## - DEWEY DECIMAL CLASSIFICATION NUMBER
Classification number 658.4'05 SHI 2000
100 ## - MAIN ENTRY--PERSONAL NAME
Personal name Harvard Business Review
245 ## - TITLE STATEMENT
Title Harvard Business Review on Negotiation and Conflict Resolution
Statement of responsibility, etc. Harvard Business Review
260 ## - PUBLICATION, DISTRIBUTION, ETC.
Place of publication, distribution, etc. USA
Name of publisher, distributor, etc. Harvard business School
Date of publication, distribution, etc. 2000
300 ## - PHYSICAL DESCRIPTION
Extent 228 p.
Other physical details PB
440 ## - SERIES STATEMENT/ADDED ENTRY--TITLE
Title Harvard Business Review on Negotiation and Conflict Resolution
942 ## - ADDED ENTRY ELEMENTS (KOHA)
Source of classification or shelving scheme
Koha item type Book
Holdings
Withdrawn status Lost status Source of classification or shelving scheme Damaged status Not for loan Collection code Permanent Location Current Location Shelving location Date acquired Total Checkouts Full call number Barcode Date last seen Date last checked out Price effective from Koha item type
            Central Library (CL) Central Library (CL) General Stacks 07/22/2016 1 658.4'05 SHI 2000 NBSD-2562 05/10/2022 04/14/2022 07/22/2016 Book
© 2023 Central Library, National University of Sciences and Technology. All Rights Reserved.